000 00523nam a2200181Ia 4500
003 OSt
005 20201012104527.0
008 190216s9999||||xx |||||||||||||| ||und||
040 _coclc
082 _a621.38195
_bRAM/F
100 _aRam, B
_91052
245 0 _aFundamentals Of Microprocessors And Microcomputers /
_cB Ram
250 _a6th Ed.
260 _bDhanpat Rai,
_c2005.
_aNew Delhi:
300 _a516p
650 _aComputer Science
942 _cBK
_2ddc
_h621.38195
_iRAM/F
_k621.38195
_mRAM/F
999 _c8853
_d8853